|
|
|
|
| LEADER |
00000nam a2200000 a 4500 |
| 001 |
UCK7180 |
| 003 |
CL-VaPUC |
| 008 |
051111e20030000UY |||||||||||||||||spa|d |
| 020 |
|
|
|a 9974780187
|
| 020 |
|
|
|a 95870311055970631069X
|
| 082 |
0 |
4 |
|a 153.4
|b SCH
|2 21
|
| 100 |
0 |
|
|a Schneider, Sandra
|e author
|9 496625
|
| 245 |
1 |
0 |
|a Cómo desarrollar la inteligencia y promover capacidades
|
| 300 |
|
|
|a 375 p
|
| 942 |
|
|
|c BK
|
| 945 |
|
|
|d 20051111 00:00:00
|a cmena
|
| 260 |
|
|
|a Montevideo
|b CADIEX
|c 2003
|
| 500 |
|
|
|a Incluye Cd-rom
|
| 500 |
|
|
|a Contenido del Cd-Rom:
|
| 500 |
|
|
|a Presentación. Resumen de cada capítulo. Para imprimir: todas las fichas de trabajo de la obra. Glosario de términos pedagógicos. Biografías de investigadores y pedagogos
|
| 650 |
|
0 |
|a Cognición
|9 270347
|
| 650 |
|
0 |
|a Desarrollo mental
|9 313003
|
| 650 |
|
0 |
|a Educación básica
|9 224933
|
| 650 |
|
0 |
|a Rol del docente
|9 329733
|
| 650 |
|
0 |
|a Inteligencia
|9 267038
|
| 650 |
|
0 |
|a Métodos de enseñanza
|9 270413
|
| 583 |
|
|
|a last modification
|c 20051111 00:00:00
|k Rodrigo Vera
|
| 999 |
|
|
|c 315221
|d 315219
|
| 952 |
|
|
|0 0
|1 0
|4 0
|6 153_400000000000000_SCH_2003
|7 0
|8 A
|9 388196
|a BIBEDU
|b BIBEDU
|d 2019-11-22
|i 4178645
|o 153.4 SCH 2003
|p 4178645
|r 2019-11-22
|w 2019-11-22
|y BK
|k EBA
|